Phương trình vi phân và phương trình tích phân
Trình bày những nội dung cơ bản về phương trình vi phân và phương trình tích phân: phương trình vi phân cấp 1 đã giải ra đạo hàm, phương trình vi phân cấp 1 chưa giải ra đạo hàm, phương trình vi phân cấp cao, phương trình vi phân tiếp tính cấp N...
Αποθηκεύτηκε σε:
| Κύριος συγγραφέας: | |
|---|---|
| Μορφή: | Βιβλίο |
| Γλώσσα: | Undetermined |
| Έκδοση: |
Hà Nội
Đại học Sư phạm Hà Nội
2006
|
| Θέματα: | |
| Ετικέτες: |
Προσθήκη ετικέτας
Δεν υπάρχουν, Καταχωρήστε ετικέτα πρώτοι!
|
| Thư viện lưu trữ: | Trung tâm Học liệu Trường Đại học Cần Thơ |
|---|
| LEADER | 01133nam a2200205Ia 4500 | ||
|---|---|---|---|
| 001 | CTU_119582 | ||
| 008 | 210402s9999 xx 000 0 und d | ||
| 020 | |c 34000 | ||
| 082 | |a 515 | ||
| 082 | |b T504 | ||
| 100 | |a Cấn, Văn Tuất | ||
| 245 | 0 | |a Phương trình vi phân và phương trình tích phân | |
| 245 | 0 | |c Cấn,Văn Tuất | |
| 260 | |a Hà Nội | ||
| 260 | |b Đại học Sư phạm Hà Nội | ||
| 260 | |c 2006 | ||
| 520 | |a Trình bày những nội dung cơ bản về phương trình vi phân và phương trình tích phân: phương trình vi phân cấp 1 đã giải ra đạo hàm, phương trình vi phân cấp 1 chưa giải ra đạo hàm, phương trình vi phân cấp cao, phương trình vi phân tiếp tính cấp N, phương trình tuyến tính cấp N có dạng đặc biệt, ... | ||
| 650 | |a Ordinary differential aquations,Mathematical analysis,Phương trình vi phân,Phương trình tích phân | ||
| 904 | |i Hạ Nguyên | ||
| 980 | |a Trung tâm Học liệu Trường Đại học Cần Thơ | ||